[Event "Paracin Winter op"]
[Site "Paracin"]
[Date "2018.02.03"]
[Round "6"]
[White "Tomic, Stefan"]
[Black "Prpa, Aleksandar"]
[Result "1-0"]
[WhiteElo "1575"]
[BlackElo "1077"]
[PlyCount "61"]
[EventDate "2018.01.30"]
[EventType "swiss"]
[EventRounds "9"]
[EventCountry "SRB"]
[SourceTitle "CBM 182 Extra"]
[Source "ChessBase"]
[SourceDate "2018.02.23"]
[SourceVersion "1"]
[SourceVersionDate "2018.02.23"]
[SourceQuality "1"]

1. e4 e5 2. Nf3 Nc6 3. Bc4 Be7 4. a4 Nf6 5. d3 h6 6. h3 0-0 7. 0-0 d6 8. Nbd2 a6 9. c3 Be6 10. Re1 Na5 11. Bxe6 fxe6 12. d4 Nc6 13. d5 exd5 14. exd5 Nxd5 15. Qb3 Kh8 16. Qxd5 Bf6 17. Ne4 Rb8 18. Be3 Ne7 19. Qd2 c6 20. Qxd6 Qxd6 21. Nxd6 Rfd8 22. Nf7+ Kg8 23. Nxd8 Rxd8 24. Bc5 Re8 25. Nxe5 Nf5 26. Ng4 Rxe1+ 27. Rxe1 Nh4 28. Nxf6+ gxf6 29. Re7 b5 30. axb5 axb5 31. Re6 1-0

[Event "Paracin Winter op"]
[Site "Paracin"]
[Date "2018.02.01"]
[Round "3"]
[White "Prpa, Aleksandar"]
[Black "Vujcic, Milena"]
[Result "0-1"]
[WhiteElo "1077"]
[BlackElo "1830"]
[PlyCount "100"]
[EventDate "2018.01.30"]
[EventType "swiss"]
[EventRounds "9"]
[EventCountry "SRB"]
[SourceTitle "CBM 182 Extra"]
[Source "ChessBase"]
[SourceDate "2018.02.23"]
[SourceVersion "1"]
[SourceVersionDate "2018.02.23"]
[SourceQuality "1"]

1. e4 e5 2. Nf3 Nc6 3. Bc4 Bc5 4. c3 Nf6 5. d4 exd4 6. cxd4 Bb4+ 7. Nc3 Nxe4 8. 0-0 Bxc3 9. d5 Bf6 10. Re1 Ne7 11. Rxe4 d6 12. Bg5 Bxg5 13. Nxg5 h6 14. Nf3 0-0 15. Qe2 Ng6 16. Re1 Bf5 17. Re3 Qf6 18. Bd3 Nf4 19. Qd2 Nxd3 20. R1e2 Nf4 21. Re1 Ng6 22. Nd4 Bd7 23. Qc3 c5 24. dxc6 Bxc6 25. Nxc6 Qxc3 26. Rxc3 bxc6 27. Rxc6 Rfd8 28. Rd1 d5 29. Rd4 Rd7 30. Rc5 Ne7 31. h4 Rc8 32. Rxc8+ Nxc8 33. Kf1 Kf8 34. Ke2 Ke7 35. Kd3 Kd6 36. Kc3 Re7 37. b4 Nb6 38. a3 Nc4 39. a4 Rc7 40. Kd3 Nb2+ 41. Kd2 Nxa4 42. b5 Nb6 43. Rf4 f6 44. Rg4 Kc5 45. Kc3 Kxb5+ 46. Kd3 Kc5 47. f3 a5 48. Rd4 a4 49. Ke3 Nc4+ 50. Ke2 Kxd4 0-1